000
00285 a2200121 4500
001
64115
082
_a
956.22 LEW
090
_c
37889
_d
37889
100
_a
Lewis Bernard
245
_a
From Babel to Dragomans
_h
English
260
_a
UK
_b
Phoenix Books
_c
2005
300
_a
xiv, 559P.P.
942
_a
NUST-CAE
_k
956.22 LEW
999
_c
299188
_d
299188